[Event "Izmailov Memorial 12th"]
[Site "Tomsk"]
[Date "2008.07.11"]
[Round "8"]
[White "Spassky, Georgy"]
[Black "Tilicheev, Viacheslav"]
[Result "0-1"]
[WhiteElo "2222"]
[BlackElo "2189"]
[PlyCount "68"]
[EventDate "2008.07.04"]
[EventType "tourn"]
[EventRounds "9"]
[EventCountry "RUS"]
[EventCategory "2"]
[SourceTitle "EXT 2009"]
[Source "ChessBase"]
[SourceDate "2008.11.26"]
[SourceVersion "1"]
[SourceVersionDate "2008.11.26"]
[SourceQuality "1"]

1. e4 e5 2. Nf3 Nc6 3. Bb5 a6 4. Ba4 Nf6 5. Qe2 b5 6. Bb3 Be7 7. 0-0 d6 8. a4 Bg4 9. c3 Rb8 10. h3 Bh5 11. axb5 axb5 12. g4 Bg6 13. d3 h5 14. g5 Nh7 15. h4 f6 16. Bd5 Qd7 17. Nh2 fxg5 18. Be3 gxh4 19. Kh1 Nf6 20. Rg1 Bf7 21. Qf3 0-0 22. Bh6 Ng4 23. Nxg4 Bxd5 24. Nf6+ Bxf6 25. exd5 Bg5 26. dxc6 Qe6 27. Qg2 Bxh6 28. Nd2 h3 29. Qg3 h4 30. Qxh4 Bxd2 31. c4 Bh6 32. Rg3 bxc4 33. dxc4 Rxb2 34. f3 h2 0-1

[Event "Izmailov Memorial 12th"]
[Site "Tomsk"]
[Date "2008.07.07"]
[Round "4"]
[White "Spassky, Georgy"]
[Black "Shkurikhin, Ilia"]
[Result "0-1"]
[WhiteElo "2222"]
[BlackElo "2413"]
[PlyCount "118"]
[EventDate "2008.07.04"]
[EventType "tourn"]
[EventRounds "9"]
[EventCountry "RUS"]
[EventCategory "2"]
[SourceTitle "EXT 2009"]
[Source "ChessBase"]
[SourceDate "2008.11.26"]
[SourceVersion "1"]
[SourceVersionDate "2008.11.26"]
[SourceQuality "1"]

1. e4 e5 2. d4 exd4 3. Nf3 Nc6 4. Nxd4 Qh4 5. Nf3 Qxe4+ 6. Be2 Bb4+ 7. c3 Bc5 8. 0-0 Nge7 9. Re1 h6 10. Bd3 Qd5 11. b4 Bd6 12. Qe2 Qh5 13. Qe4 f5 14. Qxf5 Qxf5 15. Bxf5 0-0 16. Bd3 a6 17. a4 Bf4 18. Bb2 d6 19. Nbd2 Bxd2 20. Nxd2 Bf5 21. Bf1 Ng6 22. Nf3 a5 23. bxa5 Nxa5 24. Nd4 Ne5 25. Rad1 Nac4 26. Bc1 Rxa4 27. f4 Nc6 28. Nxf5 Rxf5 29. Re8+ Rf8 30. Rde1 Nb6 31. Rxf8+ Kxf8 32. Bb5 Ra1 33. Kf2 Nd5 34. Bd2 Rxe1 35. Kxe1 Nce7 36. Bd7 Kf7 37. g3 Nf6 38. Ba4 h5 39. Be3 Ne4 40. c4 d5 41. Bb3 c6 42. Ke2 Nf6 43. Kd3 Ke6 44. Bg1 Kd6 45. c5+ Ke6 46. h3 Nf5 47. Bh2 Ne4 48. g4 hxg4 49. hxg4 Nxc5+ 50. Kc3 Ne4+ 51. Kb4 Ne3 52. Ka5 Nxg4 53. Bg1 c5 54. Bd1 Ngf2 55. Bf3 c4 56. Kb4 Nd3+ 57. Kb5 c3 58. Bg4+ Kd6 59. Bh2 c2 0-1

[Event "Izmailov Memorial 12th"]
[Site "Tomsk"]
[Date "2008.07.06"]
[Round "3"]
[White "Egin, Vladimir"]
[Black "Spassky, Georgy"]
[Result "1-0"]
[WhiteElo "2449"]
[BlackElo "2222"]
[PlyCount "113"]
[EventDate "2008.07.04"]
[EventType "tourn"]
[EventRounds "9"]
[EventCountry "RUS"]
[EventCategory "2"]
[SourceTitle "EXT 2009"]
[Source "ChessBase"]
[SourceDate "2008.11.26"]
[SourceVersion "1"]
[SourceVersionDate "2008.11.26"]
[SourceQuality "1"]

1. e4 e5 2. Nf3 Nc6 3. Bc4 Be7 4. d3 d6 5. 0-0 Na5 6. Nc3 Nxc4 7. dxc4 c6 8. Qd3 h6 9. b3 Nf6 10. Ba3 0-0 11. c5 Qa5 12. cxd6 Qxa3 13. dxe7 Qxe7 14. Rad1 Bg4 15. Qe3 b6 16. Rd3 Nd7 17. Rd2 Rac8 18. h3 Be6 19. Rfd1 g5 20. Ne2 Kh7 21. Ng3 f6 22. Nh2 Nc5 23. Ng4 Rcd8 24. Qf3 Kg6 25. Ne3 Rxd2 26. Rxd2 Kh7 27. Nef5 Qf7 28. Rd6 Rg8 29. b4 Nb7 30. Rxc6 Nd8 31. Rd6 Nb7 32. Rd2 Bxa2 33. Qh5 Rg6 34. Nxh6 Rxh6 35. Qxf7+ Bxf7 36. Rd7 Nd6 37. Rxd6 Kg6 38. Nf5 Rh8 39. Ne3 Re8 40. Rd7 Ra8 41. b5 a5 42. bxa6 Rxa6 43. Rd6 Ra4 44. f3 b5 45. Ng4 Kg7 46. Rxf6 Ra2 47. Rb6 Bc4 48. Rb7+ Kf8 49. Ne3 Ra3 50. Kf2 Ra2 51. Kg3 Ra3 52. Nxc4 bxc4 53. Kg4 Rc3 54. Rb2 Ra3 55. Kxg5 c3 56. Rb8+ Ke7 57. Rc8 1-0